Capital City by Images - Multiple Choice - Statistics

General Stats
  • This quiz has been taken 78 times
  • The average score is 9 of 10
Answer Stats
Question Answer % Correct
Which of these images is Paris?
100%
Which of these images is London?
100%
Which of these images is Cairo?
100%
Which of these images is Moscow?
100%
Which of these images is Amsterdam?
90%
Which of these images is Tokyo?
90%
Which of these images is Havana?
90%
Which of these images is Tehran?
80%
Which of these images is Ankara?
70%
Which of these images is Lima?
60%
No matching quizzes found
Score Distribution
Percent of People with Each Score
Percentile by Number Answered
Your Score History
You have not taken this quiz